| 000 | 01054nam a2200325 a 4500 | ||
|---|---|---|---|
| 003 | AR-BaBNM | ||
| 005 | 20251128204033.0 | ||
| 008 | 082120s2002 ||||||||||||||000 | spa|| | ||
| 040 | _cAR-BaBNM | ||
| 110 | 2 |
_aOrganización de Estados Americanos _9OEA |
|
| 245 | 0 | 0 |
_aAlternativas de educación para grupos culturalmente diferenciados _bestudio de casos. 1 |
| 260 |
_aWashington, D.C. _bOEA _c1983 |
||
| 300 | _a196 p. | ||
| 504 | _aContiene bibliografía al final de cada capítulo | ||
| 650 | 4 | _aDIFERENCIACION CULTURAL | |
| 650 | 4 | _aDIFERENCIACION SOCIAL | |
| 650 | 4 | _aCURRICULO | |
| 650 | 4 | _aEDUCACION INTERCULTURAL | |
| 650 | 4 | _aEDUCACION MULTICULTURAL | |
| 650 | 4 | _aADMINISTRACION DE LA EDUCACION | |
| 650 | 4 | _aPLANIFICACION DE LA EDUCACION | |
| 650 | 4 | _aANTROPOLOGIA CULTURAL Y SOCIAL | |
| 651 | 4 | _aAmérica Latina | |
| 653 | _aINVESTIGACION EDUCATIVA | ||
| 653 | _aINVESTIGACION PARTICIPATIVA | ||
| 700 | 1 |
_aChamorro, Inés _eprologuista |
|
| 700 | 1 |
_aEtchepareborda, Roberto _eprologuista |
|
| 942 | _cBK | ||
| 998 | _cSILVI | ||
| 999 |
_c5901 _d5901 |
||